| 000 | 00495cam a2200205ua 4500 | ||
|---|---|---|---|
| 001 | 4362 | ||
| 005 | 20260515113823.0 | ||
| 008 | 111224n ii |||gr||||Z||||||asm | ||
| 020 | _a81-85921-05-9 | ||
| 040 | _cMAIN | ||
| 082 | _a294.592 | ||
| 100 | 1 | _aGohain, Hiren, | |
| 245 | 1 | 1 |
_aKirtan puthir rasbisar _cby Hiren Gohain |
| 250 | _a4th. | ||
| 260 |
_aGuwahati: _bLawyers book stall,995. |
||
| 300 |
_a53p: _c23cm. |
||
| 653 | _aReligion | ||
| 653 | _aKirtan puthir rasbisar | ||
| 942 | _cBK | ||
| 999 |
_c4173 _d4173 |
||